Seriál : Odchýlky od racionality pri investovaní
Pokračovanie príspevku z predchádzajúceho čísla. Nelineárne oceňovanie pravdepodobností .
Na minha lista:
| Autor principal: | |
|---|---|
| Formato: | Capítulo de Livro |
| Idioma: | eslovaco |
| Assuntos: | |
| Tags: |
Sem tags, seja o primeiro a adicionar uma tag!
|
MARC
| LEADER | 00000nla a2200000 4500 | ||
|---|---|---|---|
| 001 | 0193691 | ||
| 005 | 20240502073237.4 | ||
| 041 | 0 | |a slo | |
| 044 | |a SK | ||
| 245 | 1 | 0 | |a Seriál : Odchýlky od racionality pri investovaní |c Ctibor Pilch |
| 520 | |a Pokračovanie príspevku z predchádzajúceho čísla. Nelineárne oceňovanie pravdepodobností . | ||
| 610 | 2 | 0 | |a zisk |
| 610 | 2 | 0 | |a investovanie |
| 610 | 2 | 0 | |a oceňovanie |
| 610 | 2 | 0 | |a matematika finančná |
| 610 | 2 | 0 | |a modely nelineárne |
| 100 | 1 | |a Pilch, Ctibor, 1957- | |